000 004670000a22001930004500
003 LK-CoMWRAF
005 20231029222726.0
008 230817t ||||| |||| 00| 0 eng d
020 _a0862322952
040 _aLK-CoMWRAF
_dLK-CoMWRAF
_eLK-CoMWRAF
041 _aeng
082 _a823
_bSAA
100 _aSaadawi, Nawal El
245 _aGod dies by the nile
260 _aU.S.A. :
_bZed books,
_c1974
300 _a138p
650 _aEnglish Fiction
942 _cBK
999 _c1816
_d1816